00773cam a22002177a 4500003000500000005001700005008004100022010001000063011001000073035001000083040000900093100002200102245005200124260009200176300001900268490007500287500006100362650002800423650002200451830008200473CHAP20230527062636.0971013s1979 mx a r 00010 spa d a17109 a18081 a22165 cCHAP10aBerlijn, Johan D.10aProtección de cultivosc/por Johan D. Berlijn aMéxico, D. F. :bDirección General de Educación Tecnológica Agropecuaria,c1979 a90 p.b: ilus. 0aManuales para la educación agropecuaria. Producción vegetalv; 108 ac.2 reimp. de 1982 por ed. Trillas, con No. de serie 23.14aCultivosxEnfermedades.14aCultivosxPlagas.0 aManuales para educación agropecuaria. Producción vegetal (Trillas)v; 108